000 01199cam a22003497a 4500
003 CHAP
005 20220329141733.0
008 971013s1981 r 00010 d
010 _a73066
011 _a74038
035 _a83596
040 _cCHAP
090 _aTesis
100 0 0 _aGarcía Jaramillo, Rosario Concepción.
_946149
245 0 _aEfecto de algunas bacterias sobre la germinación y emergencia de plántulas de soya
260 _aChapingo, Méx. :
_bEl autor,
_c1981
300 _a53 h.
_b: ilus. ; gráfs.
502 _aTesis (M.C. Esp. en Fitopatología) -- CP. Colegio de Postgraduados. Centro de Fitopatología
590 _aALEPH
_b10
_c20130110
_lUCH01
_h1415
590 _aBATCH-UPD
_b10
_c20130110
_lUCH01
_h0544
590 _aBATCH-UPD
_b10
_c20130410
_lUCH01
_h0225
590 _aBATCH-UPD
_b10
_c20130914
_lUCH01
_h1529
590 _aCONVERSION
_b10
_c20130109
_lUCH01
_h1340
650 1 4 _aSoya
_xEnfermedades.
_9109044
650 1 4 _aSoya
_xGerminación.
_9109055
650 1 4 _aSoya
_xPlántulas.
_9109078
650 1 4 _aSoya
_xSemilla.
_9109087
901 _aBK
942 _cFOLL
949 _bBC
_cTES
_d-38244
_eTS1
_i83596
_si
949 _bBC
_cTES
_d-38245
_eTS2
_fc.2
_i83596
_si
999 _c73066
_d73066